000 00938cam a22002891 4500
001 9810968
005 20230321152318.0
008 740722s1959 nyua b 000 0 eng
010 _a 57010013
015 _aGB59-7369
035 _a(OCoLC)958549
040 _aDLC
_cNhU
_dOCoLC
_dUk
_dDLC
042 _apremarc
050 0 0 _aTL784.8
_b.F7
082 _a629.133
_2FRA
100 1 _aFrank, Robert G.
_9110958
245 1 0 _aMaterials for rockets and missiles
_c[by] Robert G. Frank [and] William F. Zimmerman.
260 _aNew York,
_bMacmillan
_c[1959]
300 _axix, 124 p.
_billus.
_c20 cm.
504 _aIncludes bibliography.
650 0 _aRockets (Aeronautics)
_xMaterials.
_9110959
650 0 _aHeat resistant alloys.
_945181
650 0 _aCeramics.
_944197
700 1 _aZimmerman, W. F.
_q(William F.),
_d1922-2009,
_ejoint author.
_9110960
906 _a7
_bcbc
_coclcrpl
_du
_encip
_f19
_gy-gencatlg
942 _2ddc
_cBK
999 _c593987
_d593987